Nursing concept care maps for providing safe patient care (Record no. 8146)

MARC details
000 -LEADER
fixed length control field 01937nam a22001937a 4500
020 ## - INTERNATIONAL STANDARD BOOK NUMBER
ISBN 9780803630529
050 ## - CALL NUMBER
Classification number RT49 .N93
100 ## - AUTHOR
Personal name Wittmann-Price, Ruth A.
245 ## - TITLE
Title Nursing concept care maps for providing safe patient care
Statement of responsibility, etc by Ruth a Wittmann-Price, Brenda Reap Thompson, Suzanne M. Sutton, and Sidney Ritts Eskew.
260 ## - PUBLICATION INFORMATION
Place of publication Philadelphia
Name of publisher F.A. Davis Co.
Year of publication 2013
300 ## - DESCRIPTION
Number of Pages xxv, I-9, 471 p.: illustrations ; 28 cm
500 ## - NOTES
General note Includes bibliographical references and index.<br/> Concept maps for infants -- Concept maps for<br/> pediatric patients -- Concept maps for womens health --<br/> Concept maps for mens health -- Concept maps for your medical<br/> or surgical patients -- Concept maps for patients with<br/> psychiatric/mental health disorders -- Concept maps for<br/> geriatric patients -- Concept maps for community or<br/> population processes -- Concept maps for systems to promote<br/> leadership processes -- Concept maps for patients in critical<br/> care.
505 ## - FORMATTED CONTENTS NOTE
Table of Content Introduction<br/>Chapter 1. Concept maps for infants<br/>Chapter 2. Concept Maps for pediatric patients<br/>Chapter 3. Concept maps for women's health<br/>Chapter 4. Concept maps for men's health<br/>Chapter 5. Concept maps for your medical or surgical patients<br/>Chapter 6. Concept maps fpr patients with psychiatric/mental <br/>disorders<br/>Chapter 7. Concept maps for Geriatic patients<br/>Chapter 8. Concept maps fpr community or population processes<br/>Chapter 9. Concepts maps for systems to promote leadership processes<br/>Chapter 10. Concept maps for patients in critical care<br/>References and Resources<br/>Appendices<br/>Index
650 ## - SUBJECTS
Topical Term Nursing Care -- methods.
General subdivision Models, Nursing.
700 ## - OTHER AUTHORS
Personal name Thompson, Brenda Reap
710 ## - OTHER AUTHORS
OTHER AUTHORS Sutton, Suzanne M.
711 ## - OTHER AUTHORS
OTHER AUTHORS Eskew, Ritts Sidney
942 ## - ADDED ENTRY ELEMENTS (KOHA)
Koha item type Books
Holdings
Withdrawn status Lost status Collection code Home library Current library Shelving location Date acquired Source of acquisition Cost, normal purchase price Full call number Accession Number Koha item type
    Reference Methodist University Library Main Methodist University Library Main General Stacks 06/12/2021 Ghana Book Trust 0.00 RT49 .N93 8115 Books
Copyright © 2026  MUG Library